000 00550nam a2200193Ia 4500
003 IN-BaIIA
008 211028s9999 xx 000 0 eng d
040 _cIIA Library
080 _a52(091)
_bCLE
100 _aClerke, Agnes M.
_91124
245 2 _aA popular history of astronomy during the nineteenth century
_cAgnes M. Clerke
250 _a2nd ed.
260 _aEdinburgh
_bAdam and Charles Black
_c1887
300 _axvi, 502p.
650 _aArchives
650 _aAstronomy - history
_9900
650 _aHistory - astronomy
_91125
942 _cBK
999 _c487
_d487